000 00561nam a22002297a 4500
003 UA-OsUOA
001 22073
007 ta
008 20031216b un ||||| |||| 00| 0 ukr d
090 _a008(83)
_bК90
942 _cBK
040 _aUA-OsUOA
_brus
_cUA-OsUOA
_dUA-OsUOA
245 _aКультура Чили
_cРед. С.А.Гонионский В.А.Кузьмищев
300 _a296 с.
955 _a0
041 _arus
080 _a008(83)
260 _aМосква
_bНаука
_c1968
044 _aRU
650 7 _2UDC
999 _c308286
_d308286